Statistiken für Welchem Videospielcharakter gehört's?

Klicken Sie hier um das Quiz zu spielen!

Allgemein

  • Dieses Quiz wurde 46 mal gespielt
  • Das Durchschnittsergebnis liegt bei 5 aus 16

Antwortstatistiken

Antwort% Korrekt
Link
84%
Steve / Alex
72%
Luigi
56%
Kratos
49%
Cloud Strife
47%
Sora
40%
Jinx
33%
Gordon Freeman
16%
Lich King
16%
Meta Knight
14%
Dante
12%
Hollow Knight
12%
Chell
7%
Doomguy
7%
Juliet Starling
2%
Pyramid Head
2%

Verteilung der Resultate

Perzentil nach korrekt beantworteten Fragen

Anzahl Personen mit jedem Resultat

Ihre Resultats-Entwicklung

Sie haben dieses Quiz noch nicht gespielt